Handbook of smart coatings for materials protection / (Record no. 23013)

MARC details
000 -LEADER
fixed length control field 04764cam a22003615a 4500
001 - CONTROL NUMBER
control field 17970345
005 - DATE AND TIME OF LATEST TRANSACTION
control field 20161102155506.0
008 - FIXED-LENGTH DATA ELEMENTS--GENERAL INFORMATION
fixed length control field 131212s2014 ne a frbf 001 0 eng d
010 ## - LIBRARY OF CONGRESS CONTROL NUMBER
LC control number 2013957536
016 7# - NATIONAL BIBLIOGRAPHIC AGENCY CONTROL NUMBER
Record control number 016627959
Source Uk
020 ## - INTERNATIONAL STANDARD BOOK NUMBER
International Standard Book Number 9780857096807(print)
020 ## - INTERNATIONAL STANDARD BOOK NUMBER
International Standard Book Number 085709680X (print)
035 ## - SYSTEM CONTROL NUMBER
System control number (OCoLC)ocn852732287
040 ## - CATALOGING SOURCE
Original cataloging agency YDXCP
Language of cataloging eng
Transcribing agency YDXCP
Modifying agency BTCTA
-- BDX
-- UKMGB
-- CDX
-- OCLCO
-- OCLCQ
-- IXA
-- OCLCF
-- MOU
-- OCL
-- OCLCQ
-- DLC
-- EG-ScBUE
042 ## - AUTHENTICATION CODE
Authentication code lccopycat
082 04 - DEWEY DECIMAL CLASSIFICATION NUMBER
Edition number 22
Classification number 667.9
Item number HAN
245 00 - TITLE STATEMENT
Title Handbook of smart coatings for materials protection /
Statement of responsibility, etc edited by Abdel Salam Hamdy Makhlouf.
260 ## - PUBLICATION, DISTRIBUTION, ETC. (IMPRINT)
Place of publication, distribution, etc Cambridge, United Kingdom :
Name of publisher, distributor, etc Woodhead Publishing / Elsevier,
Date of publication, distribution, etc c.2014.
300 ## - PHYSICAL DESCRIPTION
Extent xxvii, 628 p. :
Other physical details ill. ;
Dimensions 24 cm.
490 #0 - Series Statement
Series statement Woodhead publishing series in metals and surface engineering ;
Volume/sequential designation number 64
500 ## - GENERAL NOTE
General note Index : p. 607-628.
504 ## - BIBLIOGRAPHY, ETC. NOTE
Bibliography, etc Includes bibliographical references.
505 0# - FORMATTED CONTENTS NOTE
Formatted contents note pt. 1. Fundamentals of smart coatings for materials protection: 1. Corrosion processes and strategies for prevention : an introduction / P. Zarras and J.D. Stenger-Smith -- 2. Smart coatings for corrosion protection : an overview / I.S. Cole -- 3. Techniques for synthesizing and applying smart coatings for material protection / A.S.H. Makhlouf -- 4. Multi-functional, self-healing coatings for corrosion protection : materials, design and processing / S. Scharf, M. Noeske, W.L. Cavalcanti and P. Schiffels -- 5. Strategies for developing multi-functional, self-healing coatings for corrosion prevention and other functions / I.J. Zvonkina and M. Hilt -- 6. Protective coatings for automotive, aerospace and military applications : current prospects and future trends / A.S.H. Makhlouf -- pt. 2. Smart coatings with self-healing properties for corrosion protection: 7. The use of nano-/microlayers, self-healing and slow-release coatings to prevent corrosion and biofouling / J. Telegdi, T. Szabo, L. Romanszki and M. Pavai -- 8. Self-healing anti-corrosion coatings for applications in structural and petrochemical engineering / V. Mittal -- 9. Smart nanocoatings for corrosion detection and control / M. Aliofkhazraei -- 10. Smart self-healing coatings for corrosion protection of aluminum alloys / K.A. Yasakau, J. Tedim, M.L. Zheludkevich and M.G.S. Ferreira -- 11. Smart stannate-based self-healing coatings for corrosion protection of magnesium alloys / A.S.H. Makhlouf -- 12. Incorporating microcapsules in smart coatings for corrosion protection of steel / W. Zhang, L.P. Liao and Y. Zhao -- 13. Multi-layer smart coatings for corrosion protection of aluminum alloys and steel / D.V. Andreeva and E.V. Skorb -- 14. Electro-active polymer (EAP) coatings for corrosion protection of metals / P. Zarras and J.D. Stenger-Smith -- 15. Microencapsulated indicators and inhibitors for corrosion detection and control / L.M. Calle and W. Li -- 16. Smart acrylic coatings containing silica particles for corrosion protection of aluminum and other metals / F. Khelifa, Y. Habibi, F. Benard adn P. Dubois -- 17. Recent advances in polyaniline (PANI)-based organic coatings for corrosion protection / N.Y. Abu-Thabit and A.S.H. Makhlouf -- pt. 3. Other types of smart coating: 18. Smart self-cleaning coatings for corrosion protection / J.O. Carneiro, V. Teixeira, S. Azevedo and M. Maltez-da Costa -- 19. Smart polymer nanocomposite water and oil repellent coatings for aluminum / I.S.l Bayer -- 20. UV-curable organic polymer coatings for corrosion protection of steel / F. Delforian and M. Fedel -- 21. Smart epoxy coatings for early detection of corrosion in steel and aluminum / A. Augustyniak -- 22. Structural ceramics with self-healing properties / K. Ando and K. Takahashi and T. Osada.
520 ## - SUMMARY, ETC.
Summary, etc This book reviews the new generation of smart coatings for corrosion and other types of material protection. It explores the fundamentals of smart coatings for materials protection including types, materials, design, and processing as well as includes a focus on smart coatings with self-healing properties for corrosion protection. This is a valuable reference for those concerned with preventing corrosion, particularly of metals, professionals working within the surface coating industries, as well as all those with an academic research interest in the field.
590 ## - LOCAL NOTE (RLIN)
Local note Wessam
650 #7 - SUBJECT ADDED ENTRY--TOPICAL TERM
Topical term or geographic name as entry element Coatings
Source of heading or term BUEsh
9 (RLIN) 41652
General subdivision Handbooks, manuals, etc.
651 ## - SUBJECT ADDED ENTRY--GEOGRAPHIC NAME
Source of heading or term BUEsh
653 ## - INDEX TERM--UNCONTROLLED
Resource For college Engineering, Chemical
Arrived date list November2016
700 1# - ADDED ENTRY--PERSONAL NAME
Personal name Makhlouf, Abdel Salam Hamdy‏
9 (RLIN) 41651
830 #0 - SERIES ADDED ENTRY--UNIFORM TITLE
Uniform title Woodhead Publishing series in metals and surface engineering ;
Volume number/sequential designation no. 64.
856 42 - ELECTRONIC LOCATION AND ACCESS
Materials specified Publisher description
Uniform Resource Identifier <a href="http://www.loc.gov/catdir/enhancements/fy1602/2013957536-d.html">http://www.loc.gov/catdir/enhancements/fy1602/2013957536-d.html</a>
942 ## - ADDED ENTRY ELEMENTS (KOHA)
Source of classification or shelving scheme Dewey Decimal Classification
Edition 22
Classification part 667.9 HAN
Holdings
Withdrawn status Item status Source of classification or shelving scheme Damaged status Not for loan Vendor Home library Current library Shelving location Date acquired Source of acquisition Cost, normal purchase price Serial Enumeration / chronology Total Checkouts Full call number Barcode Date last seen Cost, replacement price Koha item type
    Dewey Decimal Classification     Baccah Central Library Central Library Ground Floor 02/11/2016 Purchase 2520.00 3652   667.9 HAN 000034466 15/07/2025 3150.00 Reference (NB)